| 000 | 00645cam a2200217 4500500 | ||
|---|---|---|---|
| 005 | 20260405003444.0 | ||
| 041 | _afre | ||
| 042 | _adc | ||
| 100 | 1 | 0 |
_aChanthanakone, Antony _eauthor |
| 245 | 0 | 0 | _aPourquoi faisons-nous la grasse matinée ? |
| 260 | _c2022. | ||
| 500 | _a46 | ||
| 690 | _aBachelard | ||
| 690 | _aJonathan Crary | ||
| 690 | _aMarc Aurèle | ||
| 690 | _aparesse | ||
| 690 | _aSommeil | ||
| 690 | _aThomas d’Aquin | ||
| 786 | 0 | _nPhilosophie magazine | 156 | 2 | 2022-02-01 | p. 52-52 | 1951-1787 | |
| 856 | 4 | 1 | _uhttps://shs.cairn.info/magazine-philosophie-magazine-2022-2-page-52?lang=fr&redirect-ssocas=7080 |
| 999 |
_c2067677 _d2067677 |
||